Κατάλογος Βιβλιοθηκών Mediterranean College

4ος Οδηγός Βιβλίου / Πρώτο Μέρος: Περιέχει τους Έλληνες Εκδότες και τα Βιβλία τους πού Κυκλοφορούν, Δεύτερο Μέρος: Παρουσιάζονται Θεματικά τα Βιβλία που εκδόθηκαν στην Ελλάδα από 1/7/85 ως 31/12/88. (Record no. 5658)

MARC details
000 -LEADER
fixed length control field 01017cam a22001814a 4500
005 - ΗΜΕΡΟΜΗΝΙΑ ΚΑΙ ΩΡΑ ΤΕΛΕΥΤΑΙΑΣ ΕΝΗΜΕΡΩΣΗΣ
Πεδίο ελέγχου 20250605163511.0
008 - FIXED-LENGTH DATA ELEMENTS--GENERAL INFORMATION
Πεδίο ελέγχου σταθερού μήκους 250528s ||||||||||||||||||||||||d
035 ## - SYSTEM CONTROL NUMBER
System control number 20561
020 ## - ISBN
ISBN 9608500001
040 ## - ΠΗΓΗ ΚΑΤΑΛΟΓΟΓΡΑΦΗΣΗΣ
Φορέας πρωτότυπης καταλογογράφησης MC Athens Campus Library
Γλώσσα καταλογογράφησης Ελληνικά, Μοντέρνα (1453-)
Modifying agency MC Athens Campus Library
Κανόνες περιγραφικής καταλογογράφησης AACR2
245 1# - ΤΙΤΛΟΣ ΚΑΙ ΔΗΛΩΣΗ ΥΠΕΥΘΥΝΟΤΗΤΑΣ
Τίτλος 4ος Οδηγός Βιβλίου / Πρώτο Μέρος: Περιέχει τους Έλληνες Εκδότες και τα Βιβλία τους πού Κυκλοφορούν, Δεύτερο Μέρος: Παρουσιάζονται Θεματικά τα Βιβλία που εκδόθηκαν στην Ελλάδα από 1/7/85 ως 31/12/88.
260 ## - PUBLICATION, DISTRIBUTION, ETC.
Name of publisher, distributor, etc. Πανελλήνια Ομοσπονδία Εκδοτών Βιβλιοπώλων,
Date of publication, distribution, etc. 1989
300 ## - PHYSICAL DESCRIPTION
Extent 1002
520 ## - SUMMARY, ETC.
Summary, etc. Πρόλογος, Ευρετήριο Εκδοτών, Οι Εκδότες και τα Βιβλία τους, Θεματική Παρουσίαση των Βιβλίων, Διαφημιστικές Σελίδες.
942 ## - ADDED ENTRY ELEMENTS (KOHA)
Koha item type Books
Holdings
Τύπος τεκμηρίου Βιβλιοθήκη Τρέχουσα τοποθεσία Barcode Αριθμός εισαγωγής Ημερομηνία απόκτησης Ταξιθετικό σύμβολο Αριθμός αντιτύπου Κατάσταση απόσυρσης Κατάσταση χαμένου Κατάσταση κατεστραμμένου Μη δανεισμός Σύνολο δανεισμών Ημερομηνία τελευταίας εμφάνισης Η τιμή ισχύει από
Books MC Athens Campus Library MC Athens Campus Library 9780000056573 7039 05/06/2025 REF 016.11 ODI 1           05/06/2025 05/06/2025

MC Athens Campus Library
Πατησίων 94 & Κοδριγκτώνος 13, 104 34
Πελλήνης 8 & Πατησίων 107, 112 51
Τ: +30 210 8899600

MC Thessaloniki Campus Library
Ίωνος Δραγούμη 21, 54625 | Ίωνος Δραγούμη 15, 54625
Τ: +30 2310 287779 – Τ: +30 2314 440300